000
00248nam a22001097a 4500
041
_a
ENG
245
_a
Methods Of Test For Manually - Operated Sprayers
260
_a
New Delhi
_b
BIs
_c
994
300
_a
09
650
_a
BIS Code
856
_u
BIS Code
999
_c
2068
_d
2068